|
|
|
|
| LEADER |
00000nam0a2200000 4500 |
| 001 |
168228 |
| 005 |
20231101222738.0 |
| 035 |
|
|
|a (RuTPU)RU\TPU\book\182522
|
| 090 |
|
|
|a 168228
|
| 100 |
|
|
|a 20091026d1976 k y0rusy50 ca
|
| 101 |
0 |
|
|a rus
|
| 102 |
|
|
|a RU
|
| 105 |
|
|
|a a z 001zb
|
| 200 |
1 |
|
|a Избранные труды по квантовой механике. Основополагающие работы по волновой механике 1926-1927 гг. Работы разных лет по квантовой механике. Методологические вопросы квантовой механики
|f Э. Шредингер
|
| 210 |
|
|
|a Москва
|c Наука
|d 1976
|
| 215 |
|
|
|a 424 с.
|c ил.
|
| 225 |
1 |
|
|a Классики науки
|
| 320 |
|
|
|a Библиогр.: с. 413-419.
|
| 320 |
|
|
|a Именной указатель: с. 420-422.
|
| 600 |
|
1 |
|a Шредингер
|b Э.
|c австрийский ученый
|c физик-теоретик
|f 1887-1961
|g Эрвин
|2 stltpush
|3 (RuTPU)RU\TPU\pers\12089
|
| 606 |
1 |
|
|a Квантовая механика
|2 stltpush
|3 (RuTPU)RU\TPU\subj\14211
|9 40667
|
| 610 |
1 |
|
|a волновая механика
|
| 610 |
1 |
|
|a квантование
|
| 610 |
1 |
|
|a методологические вопросы
|
| 675 |
|
|
|a 530.145.6
|v 3
|
| 700 |
|
1 |
|a Шрёдингер
|b Э.
|c австрийский физик-теоретик
|f 1887-1961
|g Эрвин
|2 stltpush
|3 (RuTPU)RU\TPU\pers\12089
|9 3159
|
| 801 |
|
1 |
|a RU
|b 63413507
|c 20091026
|
| 801 |
|
2 |
|a RU
|b 63413507
|c 20220225
|g RCR
|
| 942 |
|
|
|c BK
|